header

From Empedocles to Wittgenstein (Record no. 35136)

MARC details
000 -LEADER
fixed length control field 01174nam a2200301Ia 4500
100 1# - MAIN ENTRY--AUTHOR NAME
Personal name Kenny, Anthony,
245 10 - TITLE STATEMENT
Title From Empedocles to Wittgenstein
260 ## - PUBLICATION, DISTRIBUTION, ETC. (IMPRINT)
Place of publication Oxford :
Name of publisher Clarendon Press ;
Place of publication New York : Oxford University Press,
Year of publication 2008.
300 ## - PHYSICAL DESCRIPTION
Number of Pages ix, 218 p.
650 #0 - SUBJECT ADDED ENTRY--TOPICAL TERM
Topical Term Philosophy
Topical Term Philosophy.
856 40 - ELECTRONIC LOCATION AND ACCESS
Uniform Resource Identifier http://site.ebrary.com/lib/rucke/Doc?id=10254424

No items available.

© 2026 Rongo University
Contact us: librarian | system librarian | Rongo university